|
|
|
|
| LEADER |
02611njm a2200721 a 4500 |
| 001 |
000234299 |
| 003 |
CZ BrMZK |
| 005 |
20230710070615.0 |
| 008 |
010907s1997 xr f eng d |
| 028 |
0 |
1 |
|a 8-21422-4
|b Monitor-EMI
|
| 040 |
|
|
|a BOA001
|b cze
|
| 080 |
|
|
|a 784.4(086.7)
|2 MRF
|
| 245 |
0 |
0 |
|a Now.
|n 5
|h [zvukový záznam]
|
| 246 |
3 |
3 |
|a What about me
|
| 246 |
3 |
3 |
|a Why did she go?
|
| 246 |
3 |
3 |
|a You showed me
|
| 246 |
3 |
3 |
|a You'r not alone
|
| 246 |
3 |
3 |
|a Change would do you good
|
| 246 |
3 |
3 |
|a Winner takes it all
|
| 246 |
3 |
3 |
|a Amadeus '97
|
| 246 |
3 |
3 |
|a Could you be loved
|
| 246 |
3 |
3 |
|a Everybody
|
| 246 |
3 |
3 |
|a Get it right
|
| 246 |
3 |
3 |
|a Gotham city
|
| 246 |
3 |
3 |
|a I'm dreaming of you - quanf je réve de toi
|
| 246 |
3 |
3 |
|a Jojo action
|
| 246 |
3 |
3 |
|a Love hurts
|
| 246 |
3 |
3 |
|a Mmmbop
|
| 246 |
3 |
3 |
|a Never, never gonna give you up
|
| 246 |
3 |
3 |
|a So help me girl
|
| 246 |
3 |
3 |
|a Star
|
| 246 |
3 |
3 |
|a Warum?
|
| 260 |
|
|
|a Praha :
|b Monitor-EMI,
|c p1997
|
| 300 |
|
|
|a 1 MC :
|b Dolby systém +
|e 1 složený list.
|
| 306 |
|
|
|a 011728
|
| 500 |
|
|
|a Nahr. neuv
|
| 500 |
|
|
|a Durata 77:28
|
| 505 |
2 |
|
|a Everybody, Mmmbop, Gotham city ... [et al.]
|
| 511 |
0 |
|
|a Backstreet Boys, zpěv; Hanson, zpěv; R. Kelly, zpěv ... [et al.]
|
| 653 |
0 |
|
|a populární hudba
|a populární písně
|
| 700 |
1 |
|
|a Standsfield, Lisa
|4 prf
|
| 700 |
1 |
|
|a Barlow, Gary,
|d 1971-
|7 ola2009548080
|4 prf
|
| 700 |
1 |
|
|a Cocker, Joe,
|d 1944-2014
|7 ola2002151718
|4 prf
|
| 700 |
1 |
|
|a Crow, Sheryl,
|d 1962-
|7 js20020923024
|4 prf
|
| 700 |
1 |
|
|a Kelly, R.,
|d 1967-
|7 xx0106297
|4 prf
|
| 700 |
1 |
|
|a Haddaway,
|d 1965-
|7 xx0064634
|4 prf
|
| 710 |
2 |
|
|a Backstreet Boys (hudební skupina)
|7 ko2002147930
|
| 710 |
2 |
|
|a Bed and Breakfast (hudební skupina)
|7 mzk2008466762
|
| 710 |
2 |
|
|a E-Rotic (hudební skupina)
|7 mzk2003189313
|
| 710 |
2 |
|
|a Fool's Garden (hudební skupina)
|7 xx0037002
|
| 710 |
2 |
|
|a Hanson (hudební skupina)
|7 kn20050428052
|4 prf
|
| 710 |
2 |
|
|a Lightning Seeds (hudební skupina)
|7 xx0028359
|4 prf
|
| 710 |
2 |
|
|a Mr. President (hudební skupina)
|7 xx0025321
|
| 710 |
2 |
|
|a Nazareth (hudební skupina)
|7 xx0027560
|
| 710 |
2 |
|
|a Olive (hudební skupina)
|7 mzk2008412579
|4 prf
|
| 710 |
2 |
|
|a Primal Scream (hudební skupina)
|7 ko2003186658
|4 prf
|
| 710 |
2 |
|
|a Tic Tac Toe (hudební skupina)
|7 mzk2008451451
|4 prf
|
| 710 |
2 |
|
|a Vienna Feat. Rod D.
|4 prf
|
| 710 |
2 |
|
|a Worlds Apart (hudební skupina)
|7 olak2007365932
|4 prf
|
| 910 |
|
|
|a BOA001
|b KZ-0003.761,5
|
| 964 |
|
|
|a Hudba populární
|x MC
|
| 990 |
|
|
|a AV
|
| 996 |
6 |
|
|b 261H005013
|c KZ-0003.761,5
|l MZK
|r Sklad / do 24 hodin
|n 0
|p p.v.
|w 000234299
|u 000010
|a 1
|e BOA001
|j MZK50
|s P
|